Girls Planet 999 - Statistics

General Stats
  • This quiz has been taken 40 times
  • The average score is 39 of 99
Answer Stats
Hint Answer % Correct
Kep1er Choi Yujin
100%
Kep1er Kang Yeseo
100%
Kep1er Kim Chaehyun
100%
Kep1er Kim Dayeon
100%
Kep1er Huening Bahiyyih
97%
Billlie Kim Suyeon
97%
Kep1er Shen Xiaoting
97%
Kep1er Ezaki Hikaru
94%
EX LIPBUBBLE/ Soloist You Dayeon
94%
Kep1er Sakamoto Mashiro
90%
Kep1er Seo Youngeun
90%
ILY:1 Hayase Hana
81%
Cherry Bullet Kim Bora
77%
LAPILLUS Nonaka Shana
77%
tripleS Kamimoto Kotone
74%
Soloist Kawaguchi Yurina
71%
KSGIRLS Cai Bing
65%
Soloist/ Model Fu Yaning
65%
Cherry Bullet May
65%
Soloist Xia Yan
61%
mimiirose Yoon Jia
61%
tripleS Zhou Xinyu
61%
Trainee Guinn Myah
58%
Cherry Bullet Huh Jiwon
58%
Gen1es Ikema Ruan
58%
ICHILLIN' Jeong Jiyoon
58%
Soloist/ Chic Chili Su Ruiqi
58%
BABYMETAL Okazaki Momoko
55%
Hickey Wen Zhe
55%
Geenius Joung Min
48%
FANATICS/ Soloist Kim Doah
48%
ILY:1 Lee Yunji
45%
tripleS Hsu Nientzu
42%
EX LIMESODA/ EX AQUA/ Soloist Kim Hyerim
42%
ME:I Sakurai Miu
42%
ILY:1 Kishida Ririka
39%
Trainee Lee Chaeyun
39%
FANATICS Lee Rayeon
39%
Evermore Muse Lee Sunwoo
39%
GNZ48 Team Z Liang Qiao
39%
ILY:1 Chang Ching
35%
FANATICS Chia Yi
35%
LIMELIGHT Ito Miyu
35%
Trainee Kamikura Rei
35%
Trainee Kanno Miyu
35%
GNZ48 Team G Liang Jiao
35%
DAYLIGHT Chen Hsinwei
29%
Geenius Choi Yeyoung
29%
Soloist Huang Xingqiao
29%
Trainee Kim Sein
29%
EX KISS GIRL'S/ EX Nowadaiko Nagai Manami
29%
BVNDIT Sim Seungeun
29%
Trainee Wu Tammy
29%
Soloist/ Actor Xu Ziyin
26%
Trainee Choi Hyerin
23%
Trainee Fujimoto Ayaka
23%
ViV Han Dana
23%
Trainee Hayashi Fuko
23%
EX Prizmmy/ Soloist Kubo Reina
23%
RIRIDAY Kuwahara Ayana
23%
ViV Murakami Yume
23%
Trainee Suh Jimin
23%
Trainee Xu Ruowei
23%
Veil Ando Rinka
19%
Soloist An Jeongmin
19%
Trainee Aratake Rinka
19%
ViV Chien Tzuling
19%
Trainee Cho Haeun
19%
Trainee Gu Yizhou
19%
Trainee Kim Yubin
19%
Trainee Lee Hyewon
19%
Geenius Ryu Sion
19%
Trainee Wang Yale
19%
Trainee Yamauchi Moana
19%
Trainee Yang Zige
19%
Trainee Zhang Luofei
19%
ViV Hiyajo Nagomi
16%
Model Inaba Vivienne
16%
Trainee Kim Yeeun
16%
Trainee Lee Yeongyung
16%
Actor Li Yiman
16%
Trainee Shima Moka
16%
Trainee Arai Risako
13%
SPIRAL Ho Szeching
13%
Actor Lin Chenhan
13%
SNH48 Team SII Ma Yuling
13%
Trainee Nakamura Kyara
13%
Model Okuma Sumomo
13%
Trainee Poon Wingchi
13%
Voice Actor Sakamoto Shihona
13%
SNH48 Team SII Wang Qiuru
13%
COLOR Cui Wenmeixiu
10%
Soloist Leung Cheukying
10%
Trainee Liu Shiqi
10%
Trainee Liu Yuhan
10%
Trainee Oki Fuka
10%
Trainee Terasaki Hina
10%
Trainee Kitajima Yuna
6%
Trainee Lin Shuyun
6%
No matching quizzes found
Score Distribution
Percent of People with Each Score
Percentile by Number Answered
Your Score History
You have not taken this quiz